Statistiques concernant Classement des plus grands aéroports français en 2023.

Cliquez ici pour prendre le quiz!

Statistiques générales

  • Ce quiz a été pris 89 fois
  • Le résultat moyen est 14 sur 20

Statistiques - réponses

Nombre de passagers en 2023Aéroport% Correct
6 584 194Bordeaux
94%
1 864 769Lille - Lesquin
92%
9 989 867Lyon - Saint Exupéry
92%
10 800 254Marseille Provence
92%
7 804 980Toulouse - Blagnac
91%
14 189 965Nice Côte d'Azur
90%
32 294 167Paris - Orly
90%
1 017 989Strasbourg
90%
67 421 316Paris - Charles de Gaulle
88%
6 535 074Nantes Atlantique
85%
1 753 427Montpellier Méditerranée
79%
594 954Rennes - Saint-Jacques
79%
810 796Brest Bretagne
67%
1 610 740Ajaccio - Napoléon Bonaparte
51%
1 500 305Bastia - Poretta
47%
5 638 955Paris - Beauvais
47%
969 988Biarritz - Pays Basque
37%
8 087 088Bâle - Mulhouse
33%
590 019Tarbes Lourdes Pyrénnées
17%
863 533Figari - Sud Corse
10%

Distribution des résultats

Percentile par nombre de réponses

% des personnes avec chaque résultat

Votre développement - résultats

Vous n’avez pas pris ce quiz